| 000 | 00358nam a22001337a 4500 | ||
|---|---|---|---|
| 005 | 20160314104801.0 | ||
| 008 | 160314b xxu||||| |||| 00| 0 eng d | ||
| 040 | _cPK-LaUMT | ||
| 082 |
_aMMC 779.99549040924 _bQAU- |
||
| 245 |
_aQauid-I-Azam Muhammad Ali Jinnah _ban album |
||
| 260 |
_aRawalpindi _bServices book club _c1997 |
||
| 300 | _a175 p. | ||
| 942 | _cBK | ||
| 999 |
_c84104 _d84104 |
||